000 01392nam a2200301 i 4500
001 197788
003 ES-MaACL
005 20250901063145.0
008 250805b2015 sp ||||| |||| 00| 0 spa d
017 _aM 10331-2015
_bOficina Depósito Legal Madrid
020 _a9788468503103
040 _bspa
_cES-MaACL
245 _aInforme sobre la justicia administrativa 2017 :
_b tributos, contratos públicos, responsabilidad patrimonial y derechos fundamentales /
_cSilvia Díez Sastre (directora) , César Martínez Sánchez (coordinador), Alfonso Egea de Haro [et al.].
250 _aEdición: mayo de 2017
260 _aMadrid :
_bCentro de Investigación sobre Justicia Administrativa de la Universidad Autónoma de Madrid (CIJA-UAM),
_c2017.
300 _a276 páginas ;
_c17 cm.
336 _2rdacontent
_atexto
337 _2rdamedia
_asin mediación
338 _2rdacarrier
_avolumen
650 4 _914032
_aJusticia
650 4 _916424
_aProcedimiento contencioso administrativo-
_zEspaña
650 7 _2embne
_911647
_aDerecho administrativo económico
852 _aES-MaACL
_cDEPOJ
_jN-10616
_xEncuadernación rústica con solapas
_9206739
_hDonación: Editorial
942 _cMONOGRAFIA
_n0
999 _c197788
_d197788